00639nam a22001937a 450000500170000001000150001702000300003203500140006203700130007608200060008910000240009524501350011926000450025427000540029930000250035365000180037870000250039670000240042120220217143010.0 aENG-126351 a978-0-19-949285-5c695.00 aEN-109883 bDBAD/PUB aN aRao,Gulvadi Venkata aIndira Bai: bThe Triumph of Truth and Virtue/cby Gulvadi Venkata Rao; translated by Vanamala Viswanatha [and] Shivarama Padikkal aNew DelhibOxford University Pressc2019 bDaryaganje110002a2/11 Ground Floor, Ansari Road axxxi232p.c22cm(pbk) aENGLISH NOVEL aViswanatha, Vanamala aPadikkal, Shivarama